000 00648cam a2200217 4500
001 ABS62039
008 000000n2000 000 0 eng u
035 _a(Sirsi) u105170
100 _aRichardson, C.
245 4 _aThe dating game: iron and steel
260 _c2000
490 _aArchitects' Journal
_v211(12) 30 March 2000, 30-31(2)
520 _aExplains how the date of buildings can be established by looking at the use of metal from 1770s to the present.
590 _aABS
650 _aIRON
650 _aSTEEL
650 _aMETAL
650 _aDATING BUILDINGS
690 _aBUILT ENVIRONMENT-BUILDING INSPECTION
942 _n0
999 _c63069
_d63069